Meraih mimpi

Bibliographic Details
Format: Book
Published: Kuala Lumpur : Dewan Bahasa Dan Pustaka , 1989
Subjects:

MARC

LEADER 00000cam a2200000 7i4500
001 0000008679
002 000009458
005 20000330.0
020 |a 9836206876 
090 0 0 |a F   |b MER 
245 1 0 |a Meraih mimpi   |c diselenggarakan oleh S. Othman Kelantan 
260 |a Kuala Lumpur :   |b Dewan Bahasa Dan Pustaka ,   |c 1989 
300 |a 327p. ;   |c 18cm. 
650 0 0 |a Short stories, Malay 
999 |a 014508   |b BUKU   |c PINJAMAN   |e PERPUSTAKAAN KOMUNITI PETALING JAYA